Nombre au carré - Statistiques

Statistiques générales
  • Ce quiz a été pris 81 fois
  • Le résultat moyen est 15 sur 20
Statistiques - réponses
Hint Réponse % Correct
1 1
100%
10 100
100%
4 16
100%
5 25
100%
6 36
100%
2 4
100%
7 49
100%
8 64
100%
3 9
100%
9 81
98%
11 121
93%
12 144
82%
13 169
67%
20 400
55%
14 196
47%
15 225
47%
16 256
27%
17 289
17%
19 361
17%
18 324
15%
Aucun quiz correspondant
Distribution des résultats
% des personnes avec chaque résultat
Percentile par nombre de réponses
Votre historique - résultats
Vous n’avez pas pris ce quiz